عرض عادي عرض مارك
  • إبراهيم، محمد أبو الفضل

مدخل إسم شخص

عدد التسجيلات المستخدمة في: 6

001 - رقم الضبط

  • حقل الضبط: 30

003 - معرف رقم الضبط

  • حقل الضبط: OSt

005 - تاريخ ووقت أخر عملية

  • حقل الضبط: 20110530044022.0

008 - عناصر بيانات ثابتة الطول

  • حقل تحكم ثابت الطول: 110530|||a|||||| | ||| d

040 ## - مصدر الفهرسة

  • هيئة الفهرسة الأصلية: OSt
  • وكالة الكتابة: OSt

100 ## - مدخل -- أسم شخص

  • إسم شخص: إبراهيم، محمد أبو الفضل
  • مصطلح الرابط: محقق.\\

670 ## - بيانات المصدر موجوده

  • الاستشهاد بالمصدر: Work cat.: (OSt): الجلال السيوطي، عبد الرحمن بن أبي بكر بن محمد، 849-911 هـ., بغية الوعاة في طبقات اللغويين والنحاة /, 1427= 2006